Khristiante Ginna kibulphuna / (Record no. 3686)

MARC details
000 -LEADER
fixed length control field 00526nam a2200193Ia 4500
003 - CONTROL NUMBER IDENTIFIER
control field GBCCL
005 - DATE AND TIME OF LATEST TRANSACTION
control field 20241126110501.0
008 - FIXED-LENGTH DATA ELEMENTS--GENERAL INFORMATION
fixed length control field 171201b xxu||||| |||| 00| 0 eng d
020 ## - INTERNATIONAL STANDARD BOOK NUMBER
International Standard Book Number 978-84-15951-16-2
040 ## - CATALOGING SOURCE
Transcribing agency gbc
082 ## - DEWEY DECIMAL CLASSIFICATION NUMBER
Classification number VER 234.2
Item number WEI
100 ## - MAIN ENTRY--PERSONAL NAME
Personal name Weil, Roger
9 (RLIN) 7303
245 ## - TITLE STATEMENT
Title Khristiante Ginna kibulphuna /
Statement of responsibility, etc. Roger Weil
260 ## - PUBLICATION, DISTRIBUTION, ETC.
Name of publisher, distributor, etc. Christian Books Worldwide,
Place of publication, distribution, etc. Surrey:
Date of publication, distribution, etc. 2007
300 ## - PHYSICAL DESCRIPTION
Extent 400p.;
Dimensions 23 cm.
650 ## - SUBJECT ADDED ENTRY--TOPICAL TERM
Topical term or geographic name entry element Faith
9 (RLIN) 2645
700 ## - ADDED ENTRY--PERSONAL NAME
Personal name Translated by McGinlianthang
9 (RLIN) 7304
942 ## - ADDED ENTRY ELEMENTS (KOHA)
Source of classification or shelving scheme Dewey Decimal Classification
Koha item type Books
Koha issues (borrowed), all copies 1
Holdings
Withdrawn status Lost status Source of classification or shelving scheme Damaged status Not for loan Collection Home library Current Library Shelving location Date acquired Total checkouts Full call number Barcode Date last seen Copy number Price effective from Koha item type Date last checked out
    Dewey Decimal Classification       GRACE BIBLE COLLEGE GRACE BIBLE COLLEGE Vernacular 2017-12-01   VER 234.2 WEI 011845 2025-05-01 c.1 2017-12-01 Books  
    Dewey Decimal Classification       GRACE BIBLE COLLEGE GRACE BIBLE COLLEGE Vernacular 2017-12-01 1 VER 234.2 WEI 011849 2025-05-01 c.5 2017-12-01 Books 2019-03-13
    Dewey Decimal Classification       GRACE BIBLE COLLEGE GRACE BIBLE COLLEGE Vernacular 2017-12-01   VER 234.2 WEI 011847 2025-05-01 c.3 2017-12-01 Books  
    Dewey Decimal Classification       GRACE BIBLE COLLEGE GRACE BIBLE COLLEGE Vernacular 2017-12-01   VER 234.2 WEI 011848 2025-05-01 c.4 2017-12-01 Books  
© Grace Bible College Library 2025